[Event "GER-chT U12"]
[Site "Muenchen"]
[Date "2022.12.28"]
[Round "4"]
[White "Schriefer, Leo Hans"]
[Black "Burban, Victor"]
[Result "1-0"]
[WhiteElo "1048"]
[BlackElo "1357"]
[PlyCount "51"]
[EventDate "2022.12.26"]
[EventType "team-swiss"]
[EventRounds "7"]
[EventCountry "GER"]
[SourceTitle "CBM 212 Extra"]
[Source "ChessBase"]
[SourceDate "2023.03.31"]
[SourceVersion "1"]
[SourceVersionDate "2023.03.31"]
[SourceQuality "1"]
[WhiteTeam "Oberschoeneweide"]
[BlackTeam "Paderborn Akademie"]
[WhiteTeamCountry "GER"]
[BlackTeamCountry "GER"]

1. e4 e6 2. d4 d5 3. exd5 exd5 4. Bd3 Nf6 5. h3 c5 6. c3 Nc6 7. Nf3 cxd4 8. cxd4 Bb4+ 9. Bd2 Bxd2+ 10. Nbxd2 0-0 11. 0-0 Bd7 12. Re1 Re8 13. Rxe8+ Qxe8 14. Nf1 Qd8 15. Ng3 Qb6 16. b3 Nxd4 17. Nxd4 Qxd4 18. Bxh7+ Kxh7 19. Qxd4 Bc6 20. Qh4+ Kg8 21. Nh5 Nxh5 22. Qxh5 Re8 23. Rd1 Re4 24. Rxd5 Bxd5 25. Qxd5 Re7 26. Qd8+ 1-0

[Event "GER Cup Net Final-C U1600"]
[Site "Playchess.com INT"]
[Date "2020.06.06"]
[Round "3"]
[White "Meier, Franz1111"]
[Black "Schriefer, Leo Hans"]
[Result "1-0"]
[WhiteElo "1421"]
[BlackElo "1455"]
[PlyCount "101"]
[EventDate "2020.06.06"]
[EventType "swiss (blitz)"]
[EventRounds "13"]
[EventCountry "GER"]
[SourceTitle "CBM 197 Extra"]
[Source "ChessBase"]
[SourceDate "2020.09.30"]
[SourceVersion "1"]
[SourceVersionDate "2020.09.30"]
[SourceQuality "1"]

1. c4 e5 2. Nc3 Nc6 3. g3 f5 4. Bg2 Nf6 5. e3 Bc5 6. Nge2 d6 7. 0-0 0-0 8. d4 exd4 9. exd4 Bb6 10. Bg5 Qe8 11. Re1 Qh5 12. Be3 f4 13. Bxf4 Bh3 14. Qd3 Ng4 15. Bf3 Nb4 16. Qe4 Rae8 17. Qxb7 Nc2 18. Ne4 Nxa1 19. Rxa1 g5 20. Qd5+ Kh8 21. Nxg5 Rxf4 22. gxf4 Bf1 23. Nf7+ Kg8 24. Qxh5 Bxe2 25. Bxe2 Rxe2 26. Qxg4+ Kxf7 27. Qxe2 Bxd4 28. Re1 Bxb2 29. Qxb2 Kg8 30. Qf6 c6 31. Re7 c5 32. Qf8+ Kxf8 33. Rxh7 Ke8 34. Rxa7 Kd8 35. Ra6 Kc7 36. Ra7+ Kc6 37. Ra6+ Kb7 38. Rxd6 Kc7 39. Rd5 Kc6 40. Rg5 Kb6 41. h4 Kc6 42. h5 Kd6 43. h6 Ke7 44. h7 Kf7 45. h8Q Ke6 46. Rg6+ Kd7 47. Qe5 Kd8 48. Qxc5 Kd7 49. Rd6+ Ke8 50. Qc7 Kf8 51. Rd8# 1-0

[Event "GER Cup Net Final-C U1600"]
[Site "Playchess.com INT"]
[Date "2020.06.06"]
[Round "9"]
[White "Schriefer, Leo Hans"]
[Black "Pottgiesser, Ulrich"]
[Result "0-1"]
[WhiteElo "1455"]
[BlackElo "1396"]
[PlyCount "106"]
[EventDate "2020.06.06"]
[EventType "swiss (blitz)"]
[EventRounds "13"]
[EventCountry "GER"]
[SourceTitle "CBM 197 Extra"]
[Source "ChessBase"]
[SourceDate "2020.09.30"]
[SourceVersion "1"]
[SourceVersionDate "2020.09.30"]
[SourceQuality "1"]

1. e4 d5 2. exd5 Nf6 3. Nc3 Nxd5 4. Nxd5 Qxd5 5. d4 Nc6 6. Nf3 Bg4 7. Be2 0-0-0 8. h3 Bxf3 9. Bxf3 Qxd4 10. Qxd4 Nxd4 11. Bg4+ e6 12. Bg5 f6 13. Bxe6+ Nxe6 14. Be3 Bc5 15. Bxc5 Nxc5 16. 0-0 Rd2 17. Rac1 Re8 18. Rfd1 Ree2 19. Rxd2 Rxd2 20. Kf1 Ne4 21. f3 Nc5 22. Ke1 Rxg2 23. Kf1 Rh2 24. h4 Rh1+ 25. Kg2 Rxc1 26. Kg3 Rxc2 27. b4 Ne6 28. a4 Kd7 29. b5 Rc4 30. a5 Rc5 31. a6 b6 32. f4 Rxb5 33. f5 Nd4 34. Kg4 Ra5 35. h5 Rxa6 36. Kf4 Kd6 37. Ke4 Ne2 38. Kd3 Ng3 39. Ke3 Nxh5 40. Kf3 g6 41. Kg4 Ra4+ 42. Kf3 gxf5 43. Ke3 Rc4 44. Kd3 b5 45. Kd2 a5 46. Kd3 a4 47. Kd2 a3 48. Kd3 a2 49. Kd2 a1Q 50. Ke3 Qa3+ 51. Kd2 Qb3 52. Ke2 Rc2+ 53. Kd1 Qb1# 0-1

[Event "GER Cup Net V2 U1600"]
[Site "Playchess.com INT"]
[Date "2020.05.22"]
[Round "3"]
[White "Hausmann, Heiko"]
[Black "Schriefer, Leo Hans"]
[Result "0-1"]
[WhiteElo "1502"]
[BlackElo "1415"]
[PlyCount "158"]
[EventDate "2020.05.22"]
[EventType "swiss (blitz)"]
[EventRounds "9"]
[EventCountry "GER"]
[SourceTitle "EXT 2021"]
[Source "ChessBase"]
[SourceDate "2020.10.23"]
[SourceVersion "1"]
[SourceVersionDate "2020.10.23"]
[SourceQuality "1"]

1. e4 c5 2. Nf3 g6 3. g3 Nc6 4. Bg2 Bg7 5. d3 Nf6 6. Nbd2 0-0 7. 0-0 d5 8. Re1 Bg4 9. c3 d4 10. Qc2 dxc3 11. bxc3 Bxf3 12. Nxf3 Qd7 13. Be3 b6 14. Rab1 Rfd8 15. Rbd1 Ng4 16. Bc1 Nge5 17. Nxe5 Nxe5 18. d4 cxd4 19. cxd4 Rac8 20. Qb2 Nc4 21. Qb3 Bxd4 22. Bf1 Na5 23. Qb1 e5 24. Be3 Qe7 25. Ba6 Rc7 26. Bf1 Rcd7 27. Bg2 Bxe3 28. Rxd7 Bxf2+ 29. Kxf2 Qxd7 30. Kg1 Qd4+ 31. Kh1 Nc4 32. Qb4 Ne3 33. Qxd4 Rxd4 34. Bf3 Rd3 35. Be2 Rd2 36. Ba6 Rxa2 37. Bb7 Nc4 38. Rc1 Ne3 39. Rc8+ Kg7 40. h4 Ra1+ 41. Kh2 Ra2+ 42. Kh3 a5 43. Re8 b5 44. Rxe5 b4 45. Rb5 Nc4 46. Bd5 Nd6 47. Rb6 Re2 48. Rxd6 a4 49. Ra6 a3 50. Ra4 Re3 51. Kg4 Kf6 52. Kf4 Rc3 53. e5+ Kg7 54. g4 Rc2 55. Ke3 Rb2 56. Kd3 Rh2 57. h5 gxh5 58. gxh5 Rxh5 59. Rxb4 Rxe5 60. Kd4 Re2 61. Ra4 Rd2+ 62. Kc4 f5 63. Kc3 Rf2 64. Ra7+ Kg6 65. Kb3 Kg5 66. Rxa3 Re2 67. Bc4 Re3+ 68. Ka4 Rxa3+ 69. Kxa3 f4 70. Kb3 Kg4 71. Kc3 Kg3 72. Kd4 Kg2 73. Bd5+ f3 74. Bxf3+ Kxf3 75. Ke5 h5 76. Kf5 h4 77. Kg5 h3 78. Kh5 h2 79. Kh4 h1Q+ 0-1

[Event "GER-ch Net Amateur Gr-C Vor3"]
[Site "Playchess.com INT"]
[Date "2020.04.16"]
[Round "4"]
[White "Heiligtag, Matthias"]
[Black "Schriefer, Leo Hans"]
[Result "1-0"]
[WhiteElo "1644"]
[BlackElo "1433"]
[PlyCount "125"]
[EventDate "2020.04.16"]
[EventType "swiss (blitz)"]
[EventRounds "9"]
[EventCountry "GER"]
[SourceTitle "CBM 195 Extra"]
[Source "ChessBase"]
[SourceDate "2020.05.31"]
[SourceVersion "1"]
[SourceVersionDate "2020.05.31"]
[SourceQuality "1"]

1. e4 e5 2. Nf3 Nc6 3. Bc4 Bc5 4. c3 Nf6 5. d3 0-0 6. Nbd2 d6 7. Nf1 Bg4 8. h3 Bh5 9. Ng3 Bg6 10. Nh4 Nxe4 11. Nxg6 Bxf2+ 12. Kf1 Nxg3+ 13. Kxf2 Nxh1+ 14. Qxh1 Qf6+ 15. Nf4 exf4 16. Qh2 a6 17. Qxf4 Qxf4+ 18. Bxf4 b5 19. Bd5 Ne5 20. Bxe5 dxe5 21. Bxa8 Rxa8 22. Re1 Re8 23. d4 f6 24. dxe5 Rxe5 25. Rd1 Re6 26. Rd8+ Kf7 27. Rc8 Rc6 28. Rh8 Kg6 29. Rd8 h6 30. Rd4 Kf5 31. g4+ Kg6 32. Kg3 f5 33. gxf5+ Kxf5 34. Rf4+ Kg5 35. Rg4+ Kf6 36. Rf4+ Ke7 37. Rg4 Kf7 38. Rf4+ Rf6 39. Rd4 Rd6 40. Rb4 c5 41. Rf4+ Rf6 42. Re4 Re6 43. Rh4 Rg6+ 44. Kf2 Rf6+ 45. Ke3 g5 46. Rg4 Kg6 47. Kd3 h5 48. Rg2 Rf3+ 49. Kc2 Rxh3 50. Kb3 g4 51. a4 bxa4+ 52. Kxa4 Kg5 53. Ka5 h4 54. Kxa6 g3 55. Kb5 Rh2 56. Rg1 Rxb2+ 57. Kxc5 Kg4 58. c4 h3 59. Kd4 h2 60. Rc1 Rg2 61. c5 Rg1 62. Rc4 h1Q 63. Ke5+ 1-0

[Event "GER-ch Net Amateur Gr-C Vor2"]
[Site "Playchess.com INT"]
[Date "2020.04.15"]
[Round "5"]
[White "Slotta, Nico"]
[Black "Schriefer, Leo Hans"]
[Result "1-0"]
[WhiteElo "1439"]
[BlackElo "1432"]
[PlyCount "57"]
[EventDate "2020.04.15"]
[EventType "swiss (blitz)"]
[EventRounds "9"]
[EventCountry "GER"]
[SourceTitle "CBM 196 Extra"]
[Source "ChessBase"]
[SourceDate "2020.07.31"]
[SourceVersion "1"]
[SourceVersionDate "2020.07.31"]
[SourceQuality "1"]

1. c4 Nc6 2. Nc3 e5 3. g3 f5 4. Bg2 Nf6 5. d3 Bc5 6. Nf3 d6 7. 0-0 0-0 8. Bg5 Qe8 9. Bxf6 Rxf6 10. Nd5 Rf7 11. Ng5 Rf8 12. Nxc7 Qd8 13. Nxa8 Qxg5 14. Nc7 Qd8 15. Nd5 Be6 16. a3 Bxd5 17. Bxd5+ Kh8 18. e3 Rf6 19. b4 Bb6 20. Qc2 Rh6 21. Bxc6 bxc6 22. Rad1 Qe8 23. c5 dxc5 24. bxc5 Bc7 25. d4 Qh5 26. h4 f4 27. Qe4 fxg3 28. fxg3 Rg6 29. Rf8# 1-0

[Event "GER-ch Net blitz qual4"]
[Site "Playchess.com INT"]
[Date "2020.03.23"]
[Round "1"]
[White "Heerd, Thomas"]
[Black "Schriefer, Leo Hans"]
[Result "1-0"]
[WhiteElo "2051"]
[BlackElo "1037"]
[PlyCount "77"]
[EventDate "2020.03.23"]
[EventType "swiss (blitz)"]
[EventRounds "9"]
[EventCountry "GER"]
[SourceTitle "CBM 195 Extra"]
[Source "ChessBase"]
[SourceDate "2020.05.31"]
[SourceVersion "1"]
[SourceVersionDate "2020.05.31"]
[SourceQuality "1"]

1. Nf3 Nc6 2. g3 e5 3. d3 f5 4. Bg2 Nf6 5. 0-0 Bc5 6. c3 d6 7. b4 Bb6 8. a4 a6 9. Nbd2 0-0 10. Nc4 Ba7 11. Bg5 h6 12. Bxf6 Qxf6 13. b5 axb5 14. axb5 Ne7 15. b6 cxb6 16. Nxb6 Bxb6 17. Rxa8 Bd7 18. Qb3+ Be6 19. Rxf8+ Kxf8 20. Qxb6 Kg8 21. Qxd6 Nd5 22. Qxe5 Qxe5 23. Nxe5 g5 24. Bxd5 Bxd5 25. c4 Bc6 26. Nxc6 bxc6 27. d4 Kf7 28. f3 Ke6 29. e4 fxe4 30. fxe4 Kd6 31. e5+ Ke6 32. Rf6+ Kd7 33. Rxh6 Kc7 34. d5 cxd5 35. cxd5 Kd7 36. Rh7+ Ke8 37. d6 Kd8 38. e6 Ke8 39. Rh8# 1-0